000
00256 a2200121 4500
001
60556
090
_c
37017
_d
37017
100
_a
Saleemi Fouzia
245
_a
Physics XII
250
_a
1
260
_a
lahore
_b
Punjab Textbook Board
_c
2004
300
_a
268
942
_a
NUST-CAE
_k
530 SAL
999
_c
295629
_d
295629